| 000 | 00651nam a2200157 a 4500 | ||
|---|---|---|---|
| 001 | 000020829 | ||
| 005 | 20250127102202.0 | ||
| 008 | 100818s1994 dr 001 0 spa d | ||
| 040 |
_aDO-SdBNP _bspa _cBNPHU |
||
| 100 | 1 |
_aSalmador, Víctor _943660 |
|
| 245 | 1 | 3 |
_aLa isla de Santo Domingo desde los indios tainos hasta Peña Gómez : _breflexiones y meditaciones políticas sobre la realidad actual de la República Dominicana / _cVíctor Salmador. |
| 260 |
_aSanto Domingo : _bMaría Aracena de Samador, _c1994. _fEditora de Colores |
||
| 300 |
_a349 p. ; _c21 cm. |
||
| 500 | _aIncluye datos biográficos del autor en la contracubierta | ||
| 049 | _aBNPD | ||
| 999 |
_c20333 _d20333 |
||